000 00565nam a2200217Ia 4500
003 OSt
005 20221007071523.0
006 a|||||r|||| 00| 0
007 ta
008 221006b |||||||| |||| 00| 0 eng d
024 _a23,848
037 _cTextual
040 _aFLL
_cFLL
_beng
041 _2eng
_aeng
082 _aZ3,44y7, M0
245 0 _aLeading cases in the law of negligence for 'A' level
260 _aLondon
_bButterworths UK
_c1980
300 _a515p
_ccm.
942 _hZ3,44y7, M0
_cTEXL
_2CC
999 _c1143566
_d1143566